|
|
|
|
| LEADER |
01781nam a2200493 a 4500 |
| 001 |
nkc20122396988 |
| 003 |
CZ PrNK |
| 005 |
20121120104836.0 |
| 007 |
ta |
| 008 |
121010s2012 xr ab e 000 0 cze |
| 015 |
|
|
|a cnb002396988
|
| 020 |
|
|
|a 978-80-87725-02-3
|q (Nadace Open Society Fund :
|q brož.)
|
| 035 |
|
|
|a (OCoLC)817049933
|
| 040 |
|
|
|a ABA001
|b cze
|
| 043 |
|
|
|a e-xr---
|
| 072 |
|
7 |
|a 35
|x Veřejná správa
|2 Konspekt
|9 15
|
| 080 |
|
|
|a 35
|2 MRF
|
| 080 |
|
|
|a 001.102:024.5
|2 MRF
|
| 080 |
|
|
|a [001.102:004.738.5]-027.565
|2 MRF
|
| 080 |
|
|
|a (437.3)
|2 MRF
|
| 080 |
|
|
|a (048.8)
|2 MRF
|
| 100 |
1 |
|
|a Boček, Jan
|7 ola2012693479
|4 aut
|
| 245 |
1 |
0 |
|a Otevřená data: příležitost pro Českou republiku /
|c Jan Boček, Jakub Mráček, Jindřich Mynarz
|
| 260 |
|
|
|a Praha :
|b Nadace Open Society Fund :
|b Fond Otakara Motejla,
|c [2012]
|
| 300 |
|
|
|a 20 s. :
|b il., 1 mapa ;
|c 30 cm
|
| 504 |
|
|
|a Obsahuje bibliografické odkazy
|
| 650 |
0 |
7 |
|a státní správa
|7 ph126193
|z Česko
|2 czenas
|
| 650 |
0 |
7 |
|a dostupnost informací
|7 ph222816
|2 czenas
|
| 650 |
0 |
7 |
|a dostupnost informací
|7 ph222816
|z Česko
|2 czenas
|
| 650 |
0 |
7 |
|a open access
|7 ph570647
|2 czenas
|
| 650 |
0 |
9 |
|a state administration
|z Czechia
|2 eczenas
|
| 650 |
0 |
9 |
|a information availability
|2 eczenas
|
| 650 |
0 |
9 |
|a information availability
|z Czechia
|2 eczenas
|
| 650 |
0 |
9 |
|a open access
|2 eczenas
|
| 653 |
0 |
|
|a otevřená data
|
| 655 |
|
7 |
|a studie
|7 fd133597
|2 czenas
|
| 655 |
|
9 |
|a studies
|2 eczenas
|
| 700 |
1 |
|
|a Mráček, Jakub,
|d 1985-
|7 mzk2006368427
|4 aut
|
| 700 |
1 |
|
|a Mynarz, Jindřich
|7 js20090429005
|4 aut
|
| 910 |
2 |
|
|a BOA001
|b 4-1293.211
|
| 990 |
|
|
|a BK
|
| 995 |
|
|
|a 01
|
| 991 |
|
|
|b 201210
|c NOV
|e n
|
| 996 |
6 |
|
|b 2610525611
|c 4-1293.211
|l MZK
|r Sklad / do 1 hodiny
|n 1
|p p.v.
|w 001289615
|u 000030
|a 1
|e BOA001
|j MZK50
|s P
|